Statistiques concernant Les tsunami les plus meurtriers

Cliquez ici pour prendre le quiz!

Statistiques générales

  • Ce quiz a été pris 36 fois
  • Le résultat moyen est 5 sur 8

Statistiques - réponses

Nombre de mortsPays principal touché% Correct
18 457Japon
100%
27 000Japon
100%
250 000Indonésie
94%
40 000Chine
91%
25 000Chili
56%
90 000Portugal
22%
17 480Turquie
22%
95 000Italie
16%

Distribution des résultats

Percentile par nombre de réponses

% des personnes avec chaque résultat

Votre développement - résultats

Vous n’avez pas pris ce quiz